000 01131nam a2200325 i 4500
003 EG-GICUC
005 20260121101419.0
008 251202s1947 uk ||||fr||| ||1 | eng d
040 _aEG-GiCUC
_beng
_cEG-GiCUC
_dEG-GiCUC
_erda
041 _aeng
082 0 4 _221
_a341
_bGR . T
092 0 4 _221
099 _aLaw1 11 341 GR . T 1947
110 2 _aThe Grotius Society
_b(Founded 1915)
245 1 0 _aTransactions for the Year 1946.
_nVolume 32,
_pProblems of Public and Private International Law /
_cThe Grotius Society.
264 1 _aLondon :
_bLongmans, Green,
_c1947.
300 _a167 pages ;
_c24 cm.
336 _2rda content
_atext
337 _2rda media
_aComputer
338 _2rda carrier
_aOnline Resource
490 0 _aTransactions of the Grotius Society.
504 _aIncludes bibliographical references.
546 _aText in English
650 1 4 _aPublic and Private International Law
_xinternational law
_2qrmak
651 1 _2qrmak
830 1 _aTransactions of the Grotius Society.
856 4 0 _uhttps://fll.law.cu.edu.eg/fulltext/bks/B11-05677.pdf
905 _a75
_eHassnaa
942 _2ddc
_n0
_cBK
_e21
999 _c48055
_d48055